000 003350000a22000970004500
245 1 0 _aNo es una vaca cualquiera
300 _aVol.0, núm.722 (30 Abril - 6 mayo, 2007), Página 32
520 _aPor primera vez Colombia exportará leche a EE.UU., donde el consumo es de 60 millones de litros anuales.
773 0 _tCambio 16
942 _cANA
999 _c62106
_d62106